Random cities that start with the letter ''i''. - Statistics

General Stats
  • This quiz has been taken 20 times
  • The average score is 5 of 9
Answers on the Map
Answers color-coded by a green-red scale on the quiz's map according to % correct below.
 
Answer Stats
city % Correct
Istanbul
95%
Islamabad
80%
Izmir
75%
Indianapolis
70%
Ibadan
45%
Isfahan
45%
Indore
30%
Irbid
15%
Ilorin
10%
No matching quizzes found
Score Distribution
Percent of People with Each Score
Percentile by Number Answered
Your Score History
You have not taken this quiz